20 biggest nordic islands - Statistics

General Stats
  • This quiz has been taken 26 times
  • The average score is 6 of 20
Answer Stats
Area Island % Correct
2 130 800 Greenland
100%
101 826 Iceland
74%
7 031 Zealand
61%
2 994 Gotland
57%
38 981 Spitsbergen
48%
1 347 Öland
43%
2 985 Funen
39%
14 467 Nordaustlandet
30%
5 073 Edge Island
22%
4 685 North Jutlandic Island
22%
8 612 Disko Island
17%
1 717 Geographical Society Island
17%
3 542 Traill Island
13%
2 198 Hinnøya
9%
3 913 Milne Land
9%
1 446 Nares Land
9%
1 590 Senja
9%
1 635 Soisalo
9%
2 437 Ymer Island
9%
1 535 Clavering Island
4%
No matching quizzes found
Score Distribution
Percent of People with Each Score
Percentile by Number Answered
Your Score History
You have not taken this quiz